[Event "79th ch-ARG"]
[Site "Buenos Aires ARG"]
[Date "2004.09.28"]
[Round "6"]
[White "Demaria,J"]
[Black "Semprevivo,M"]
[Result "1/2-1/2"]
[WhiteElo "2275"]
[BlackElo "2087"]

1.e4 c5 2.Nf3 e6 3.d4 cxd4 4.Nxd4 a6 5.Bd3 Nf6 6.O-O Qc7 7.Qe2 d6 8.Nc3 Be7
9.Kh1 Nbd7 10.f4 b5 11.Bd2 Bb7 12.a3 O-O 13.Rae1 Rad8 14.a4 b4 15.Na2 Nc5
16.Bxb4 Nfxe4 17.Nc3 Nxc3 18.Bxc3 Bf6 19.Qh5 Nxd3 20.cxd3 Qb6 21.a5 Qc5 22.Qxc5 dxc5
23.Nb3 Be7 24.Rd1 Rd5 25.d4 Rfd8 26.Rd2 Bc6 27.dxc5 Rxd2 28.Nxd2 Bxc5 29.Nb3 Be3
30.h3 h5 31.Kh2 Ba4 32.Na1 Bb5 33.Rf3 Ba7 34.Nc2 Rd1 35.Ne3 Rd3 36.Nc2 Rxf3
37.gxf3 Bb8 38.Be5 Ba7 39.Bd4 Bb8 40.Be5 Ba7 41.Bd4  1/2-1/2

[Event "Monarch Assurance"]
[Site "Port Erin IOM"]
[Date "2004.09.28"]
[Round "4"]
[White "Kotronias,V"]
[Black "Li Ruofan"]
[Result "1-0"]
[WhiteElo "2608"]
[BlackElo "2414"]

1.e4 c5 2.Nf3 e6 3.d4 cxd4 4.Nxd4 a6 5.Bd3 Bc5 6.Nb3 Ba7 7.Qe2 Nc6 8.Be3 Nge7
9.Bxa7 Rxa7 10.O-O d6 11.f4 b5 12.N1d2 O-O 13.Kh1 Nb4 14.Nf3 Ng6 15.Qd2 Nxd3
16.cxd3 Qb6 17.g3 Rc7 18.Rac1 Rxc1 19.Rxc1 Bb7 20.Nfd4 Rc8 21.Rxc8+ Bxc8
22.Qc3 Ne7 23.Qa5 Qxa5 24.Nxa5 f6 25.Nc2 Kf7 26.Kg2 g5 27.Kf3 gxf4 28.gxf4 Ng6
29.d4 Ne7 30.Ne3 e5 31.d5 f5 32.fxe5 dxe5 33.d6 fxe4+ 34.Kxe4 Ng6 35.Kd5 Bd7
36.Nb7 Kf6 37.Kc5 Nf4 38.Kb6 Bh3 39.Nc5 e4 40.d7 Ke7 41.Kc7 Bxd7 42.Nxd7 Nd3
43.Nb8 Nxb2 44.Nxa6 Ke6 45.Kc6 Ke5 46.Kxb5 Kd4 47.Nc2+ Kd3 48.Nab4+ Kd2 49.Na3 Kc3
50.Nd5+ Kd3 51.Kb4 Kd4 52.Nf4 Ke3 53.Kb3 Nd1 54.Ne6 Kf2 55.Nb5 e3 56.Ned4 Kg2
57.a4 Nf2 58.a5 Nd3 59.Kc3 Nc5 60.Kc4 Na6 61.Nc3 Nc7 62.Nd5 Na8 63.Kc5 Kxh2
64.Kc6 h5 65.Nxe3  1-0

[Event "TCh-Vojvodina"]
[Site "Sombor SCG"]
[Date "2004.09.28"]
[Round "6"]
[White "Perisic,Ra"]
[Black "Medar,Z"]
[Result "1-0"]
[WhiteElo "2402"]
[BlackElo "2183"]

1.e4 c5 2.Nf3 e6 3.d4 cxd4 4.Nxd4 a6 5.Bd3 Nc6 6.Nxc6 dxc6 7.O-O e5 8.Nd2 Nf6
9.Nc4 Qc7 10.Be3 Nd7 11.f4 b5 12.Nxe5 Nxe5 13.fxe5 Qxe5 14.Qf3 Be6 15.Bf4 Qc5+
16.Kh1 h5 17.e5 Rc8 18.Be4 Qb6 19.a4 b4 20.Bg5 Be7 21.Bxe7 Kxe7 22.Rad1 Qc5
23.Qf4 Ke8 24.Rd6 Rf8 25.Qg5  1-0

[Event "1st Central League"]
[Site "Vrnjacka Banja SCG"]
[Date "2004.09.28"]
[Round "5"]
[White "Solak,D"]
[Black "Djuric,S"]
[Result "1-0"]
[WhiteElo "2563"]
[BlackElo "2511"]

1.e4 c5 2.Nf3 e6 3.d4 cxd4 4.Nxd4 a6 5.Bd3 Qb6 6.Be3 Qxb2 7.Nd2 Qc3 8.O-O Qc7
9.e5 b5 10.f4 Ne7 11.c4 bxc4 12.Nxc4 Nd5 13.Rc1 Nc6 14.Be4 Nxe3 15.Nxe3 Bb7
16.Nxc6 Bxc6 17.Bxc6 dxc6 18.Qa4 Rc8 19.f5 exf5 20.Nxf5 g6 21.Nd4 Qb7 22.e6 fxe6
23.Nxe6 Bb4 24.a3 Qb6+ 25.Kh1 Be7 26.Rcd1 Qe3 27.Ng7+  1-0

[Event "79th ch-ARG"]
[Site "Buenos Aires ARG"]
[Date "2004.09.29"]
[Round "7"]
[White "Pierrot,F"]
[Black "Giardelli,S"]
[Result "1-0"]
[WhiteElo "2436"]
[BlackElo "2434"]

1.e4 c5 2.Nf3 e6 3.d4 cxd4 4.Nxd4 a6 5.Bd3 Nf6 6.O-O d6 7.c4 Be7 8.Nc3 O-O
9.Be3 b6 10.f4 Bb7 11.Qe2 Nc6 12.Kh1 Nd7 13.Rad1 Qc7 14.Nxc6 Bxc6 15.Bb1 Rac8
16.b3 Rfe8 17.Rf3 g6 18.Rh3 Bf6 19.Bg1 Nc5 20.Bc2 Bg7 21.b4 Nd7 22.Bb3 Nf6
23.Rhd3 Nh5 24.Qe3 b5 25.cxb5 axb5 26.Rxd6 Qb7 27.R1d2 Nxf4 28.Ne2 Nh5 29.Nd4 Bxe4
30.Nxe6 fxe6 31.Bxe6+ Kh8 32.Bxc8 Qxc8 33.Qg5 h6 34.Qh4 Kh7 35.Rd7 Qc6 36.Rf7 Nf6
37.Qg3 g5 38.Qc7 Qxc7 39.Rxc7 Nd5 40.Rd7 Nf6 41.Rc7 Nh5 42.Bd4 Rd8 43.Bxg7  1-0

[Event "FSGM October"]
[Site "Budapest HUN"]
[Date "2004.10.04"]
[Round "3"]
[White "Szabo,K"]
[Black "Erdos,V"]
[Result "1/2-1/2"]
[WhiteElo "2371"]
[BlackElo "2454"]

1.e4 c5 2.Nf3 e6 3.d4 cxd4 4.Nxd4 a6 5.Bd3 Bc5 6.Nb3 Ba7 7.O-O Nc6 8.Qe2 d6
9.Be3 Nge7 10.Bxa7 Rxa7 11.Qe3 O-O 12.f4 b6 13.Nc3 d5 14.e5 h6 15.Ne2 a5
16.Nbd4 Ba6 17.f5 Nxd4 18.Nxd4 Bxd3 19.cxd3 Nxf5 20.Nxf5 exf5 21.Rxf5 Re7
22.d4 Qd7 23.Rf3 Rc8 24.Qb3 b5 25.Qd3 b4 26.h3 Qc6 27.a3 Qb6 28.axb4 Qxb4
29.b3 Qb6 30.Kh2 Rec7 31.Raf1 Re8 32.Rf4 Rb7 33.R1f3 Re6 34.Rg3 Rg6 35.Rgf3 Qa6
36.Qf5 Rc7 37.Rg4 Rxg4 38.Qxg4 Qe6 39.Qg3 Kh8 40.Qh4 Rc8 41.Qf4 Kg8 42.Qd2 Qb6
43.Qd3 Qc6 44.Rf1 Rb8 45.Ra1 Qb5 46.Qc2 Qb6 47.Ra4 f6 48.Qf5 fxe5 49.Qxe5 Rd8
50.Ra1 Qxb3 51.Rxa5 Qb7 52.Rc5 Qf7 53.Rc7 Qg6 54.Re7 Kh7 55.Re6 Qf7 56.Re7 Qg6
57.h4 Qg4 58.Kg1 Qd1+ 59.Kh2 Qg4 60.Kg1 Ra8 61.Qe1 Qxd4+ 62.Kh2 Qf4+ 63.Qg3 Qxg3+
64.Kxg3 Rd8 65.Re3 Kg6 66.Kg4 Kf6 67.Kf4 Ra8 68.g4 Ra4+ 69.Kf3 Rc4 70.Re8 Rc3+
71.Kf2 Rh3 72.g5+ hxg5 73.hxg5+ Kf5 74.Ke2 d4 75.Rd8 d3+ 76.Kf2 Ke4 77.Rd7 g6
78.Rd6 Rf3+ 79.Ke1 Re3+ 80.Kd2 Re2+ 81.Kd1 Kf5 82.Rxd3 Re5 83.Rd2 Kxg5 84.Rg2+ Kf6
85.Rf2+ Kg5 86.Rg2+ Kf6 87.Rf2+ Kg7 88.Rg2 Kf7 89.Kd2 Kf6 90.Rf2+ Rf5 91.Ke3 Rxf2
92.Kxf2 Kf5 93.Kf3 Kg5 94.Kg3 Kh5 95.Kh3 g5 96.Kg3  1/2-1/2

[Event "Open"]
[Site "Winterthur SUI"]
[Date "2004.10.09"]
[Round "9"]
[White "Jenni,F"]
[Black "Miezis,N"]
[Result "1/2-1/2"]
[WhiteElo "2503"]
[BlackElo "2524"]

1.e4 c5 2.Nf3 e6 3.d4 cxd4 4.Nxd4 a6 5.Bd3 Nc6 6.Nxc6 dxc6 7.Nd2 e5 8.Nc4 Be6
9.O-O Bxc4 10.Bxc4 Qxd1 11.Rxd1 Bc5 12.Kf1 Nf6 13.f3 Ke7 14.Bd2 Nd7 15.Ba5 f6
16.g3 b6 17.Be1 a5 18.a4 Rad8 19.Kg2 Nf8 20.f4 exf4 21.gxf4 Ne6 22.Bg3 Nd4
23.Rd2 Ne6 24.Rd3 Rxd3 25.Bxd3 g5 26.fxg5 fxg5 27.e5 Rf8 28.Bxh7 Nf4+ 29.Kf3 Nh5+
30.Kg4 Nxg3 31.hxg3 Bd4 32.c3 Bxe5 33.Re1 Kd6 34.Rd1+ Kc5 35.Be4 Rf2 36.b4+ axb4
37.cxb4+ Kxb4  1/2-1/2

[Event "XI Bela Papp Mem"]
[Site "Torokbalint HUN"]
[Date "2004.10.22"]
[Round "7"]
[White "Schneider,Dm"]
[Black "Izsak,Gyu"]
[Result "1/2-1/2"]
[WhiteElo "2453"]
[BlackElo "2475"]

1.e4 c5 2.Nf3 e6 3.d4 cxd4 4.Nxd4 a6 5.Bd3 Nc6 6.Nxc6 dxc6 7.Nd2 Qc7 8.Qe2 e5
9.Nc4 b5 10.Ne3 Nf6 11.O-O Bc5 12.Bd2 O-O 13.a4 Be6 14.b4 Bb6 15.c4 Bd4 16.Ra3 Rfd8
17.Rb1 Rab8 18.c5 Rd7 19.Nc2 Bg4 20.Qf1 Nh5 21.Be3  1/2-1/2

[Event "36th Olympiad"]
[Site "Calvia ESP"]
[Date "2004.10.25"]
[Round "10"]
[White "Kritz,L"]
[Black "Markus,R"]
[Result "0-1"]
[WhiteElo "2543"]
[BlackElo "2555"]

1.e4 c5 2.Nf3 e6 3.d4 cxd4 4.Nxd4 a6 5.Bd3 Bc5 6.Nb3 Ba7 7.Qe2 Nc6 8.Be3 d6
9.N1d2 Nf6 10.O-O-O e5 11.f3 b5 12.g4 Be6 13.h4 Bxe3 14.Qxe3 Rb8 15.h5 a5
16.g5 Nd7 17.Kb1 Qb6 18.Qxb6 Rxb6 19.h6 g6 20.f4 exf4 21.Rh4 f6 22.Rg1 fxg5
23.Rxg5 Nde5 24.Rxf4 Bxb3 25.axb3 Rf8 26.Rxf8+ Kxf8 27.Nf1 Nd8 28.Rg1 Ndf7
29.Rh1 Ng4 30.Kc1 Nfxh6 31.Kd2 Kg7 32.Ng3 Nf7 33.Ra1 a4 34.bxa4 bxa4 35.Kc3 Nf2
36.Be2 h5 37.Rg1 Kf8 38.Rf1 Nh3 39.Bxh5 gxh5 40.Nxh5 Ng5 41.Nf6 Rc6+ 42.Kd2 Ke7
43.Nd5+ Ke6 44.Nc3 Rc4 45.Rf4 Ne5 46.b3 Ngf3+  0-1

[Event "36th Olympiad w"]
[Site "Calvia ESP"]
[Date "2004.10.25"]
[Round "10"]
[White "Pretorius,M"]
[Black "Caoili,A"]
[Result "0-1"]
[WhiteElo "1965"]
[BlackElo "2250"]

1.e4 c5 2.Nf3 e6 3.d4 cxd4 4.Nxd4 a6 5.Bd3 Bc5 6.Nb3 Be7 7.c4 d6 8.Nc3 Nf6
9.O-O Nbd7 10.f4 Qc7 11.Be3 b6 12.Qf3 Bb7 13.Rad1 Rc8 14.Qh3 g6 15.Rd2 Qb8
16.Qf3 Qa8 17.h3 O-O 18.g4 Rfd8 19.g5 Nh5 20.Qg4 Bf8 21.Re2 Bg7 22.Bd2 Bc6
23.Bc2 b5 24.cxb5 axb5 25.a3 Nb6 26.f5 exf5 27.exf5 Nc4 28.f6 Bf8 29.Bc1 Re8
30.Be4 d5 31.Bg2 Qa7+ 32.Nd4 Bc5 33.Rd1 Bd7 34.Qh4 Rxe2 35.Nxe2 Re8 36.Kh1 Rxe2
37.Nxe2 Bf2 38.Qxh5 gxh5 39.Rxd5 Ne3 40.Bxe3 Bxe3 41.Rd3 h6 42.gxh6 Bf5 43.Rd5 Bg6
44.Nc3 Qb6 45.Rxb5 Qxf6 46.Rb8+ Kh7 47.Ne2 Qf2  0-1

[Event "4th Rohde Open"]
[Site "Sautron FRA"]
[Date "2004.10.31"]
[Round "9"]
[White "Delorme,Al"]
[Black "Bonn,T"]
[Result "1-0"]
[WhiteElo "2252"]
[BlackElo "1993"]

1.e4 c5 2.Nf3 e6 3.d4 cxd4 4.Nxd4 a6 5.Bd3 Nc6 6.Nxc6 bxc6 7.Qe2 d6 8.O-O Qc7
9.f4 Be7 10.c4 Bf6 11.Be3 Rb8 12.Nc3 c5 13.Rac1 Ne7 14.b3 Nc6 15.Qf2 O-O
16.e5 dxe5 17.Bxc5 Rd8 18.Rcd1 exf4 19.Ne4 Be7 20.Bxe7 Nxe7 21.Ng5 Bb7 22.Bxh7+ Kf8
23.Bd3 Qe5 24.Qxf4 Qxf4 25.Rxf4 Nf5 26.g4 Rd4 27.Rxd4 Nxd4 28.Bg6 Rd8 29.Kf2 Nc6
30.Rxd8+ Nxd8 31.Be4 Ke7 32.Ke3 f6 33.Bxb7 Nxb7 34.Ne4 f5 35.gxf5 exf5 36.Nc3 g5
37.Nd5+ Kd6 38.Kd4 Nc5 39.b4 Ne6+ 40.Ke3 Ke5 41.a4 f4+ 42.Kf3 Kd4 43.Nb6 Kc3
44.b5 axb5 45.cxb5 Nd4+ 46.Kf2 Kb4 47.Nd7 g4 48.Kg2  1-0

[Event "WYb14"]
[Site "Heraklio GRE"]
[Date "2004.11.04"]
[Round "1"]
[White "Spoelman,W"]
[Black "Vuillermoz,R"]
[Result "1-0"]
[WhiteElo "2357"]
[BlackElo "2056"]

1.e4 c5 2.Nf3 e6 3.d4 cxd4 4.Nxd4 a6 5.Bd3 Qc7 6.O-O Nf6 7.c4 d6 8.Nc3 g6
9.Be3 Bg7 10.f3 O-O 11.Qd2 Nc6 12.Rfc1 Nd7 13.Nb3 Nce5 14.Bf1 Rd8 15.Nd1 b6
16.Nd4 Bb7 17.Rab1 Nc6 18.Nxc6 Bxc6 19.b4 a5 20.Nc3 axb4 21.Rxb4 Nc5 22.Rcb1 Ra6
23.Bg5 Rda8 24.Rd1 Be5 25.Bh6 Ra3 26.Rc1 Bxc3 27.Rxc3 Rxa2 28.Qg5 Nd7 29.Qe7 R2a7
30.Rb1 Nc5 31.Qf6  1-0

[Event "8th OIBM"]
[Site "Bad Wiessee GER"]
[Date "2004.11.05"]
[Round "7"]
[White "Jaracz,P"]
[Black "Landa,K"]
[Result "1-0"]
[WhiteElo "2531"]
[BlackElo "2571"]

1.e4 c5 2.Nf3 e6 3.d4 cxd4 4.Nxd4 a6 5.Bd3 Bc5 6.Nb3 Ba7 7.Qg4 Nf6 8.Qg3 d6
9.Nc3 Nc6 10.O-O Ne5 11.Be2 b5 12.Bf4 b4 13.Rad1 Qe7 14.Rxd6 Ng6 15.e5 bxc3
16.exf6 gxf6 17.Bf3 Bb7 18.Na5 Nxf4 19.Nxb7 Ng6 20.Bc6+ Kf8 21.Rd7 Qb4 22.Qc7 Kg7
23.Rxf7+ Kh6 24.bxc3 Qxc3 25.Na5 Bb8 26.Qb6 Ra7 27.Rxa7 Bxa7 28.Qxa7 Qxa5
29.Qe3+ Kg7 30.Qxe6 Rd8 31.g3 Qb6 32.Bd5 Qxe6 33.Bxe6 Rd2 34.Bf5 Ne7 35.Bd3 Nd5
36.Rb1 Nc3 37.Rb7+ Kf8 38.Rxh7 Nxa2 39.Bc4 Nc3 40.Rf7+ Ke8 41.Rxf6 a5 42.h4 Ke7
43.Ra6 Rd4 44.Bd3 a4 45.h5  1-0

[Event "WYb18"]
[Site "Heraklio GRE"]
[Date "2004.11.05"]
[Round "2"]
[White "Jurcik,Mari"]
[Black "Erdos,V"]
[Result "1/2-1/2"]
[WhiteElo "2329"]
[BlackElo "2450"]

1.e4 c5 2.Nf3 e6 3.d4 cxd4 4.Nxd4 a6 5.Bd3 Bc5 6.Nb3 Ba7 7.Qe2 Nc6 8.Be3 d6
9.O-O e5 10.Nc3 Nge7 11.Bxa7 Rxa7 12.Rad1 O-O 13.Rd2 b5 14.a4 b4 15.Nd1 Na5
16.Nxa5 Qxa5 17.Bc4 Rd7 18.b3 Nc6 19.Ne3 Nd4 20.Qh5 Qd8 21.f4 Bb7 22.Nd5 Bxd5
23.Bxd5 Rc7 24.fxe5 g6 25.Qh6 dxe5 26.Rdf2 Qe8 27.Rf6 Ne2+ 28.Kh1 Nf4 29.R1xf4 exf4
30.Rxg6+ hxg6 31.Qxg6+ Kh8 32.Qh6+ Kg8 33.Qg6+  1/2-1/2

[Event "WYg16"]
[Site "Heraklio GRE"]
[Date "2004.11.05"]
[Round "2"]
[White "Isgandarova,K"]
[Black "Pourkashiyan,A"]
[Result "0-1"]
[WhiteElo "2067"]
[BlackElo "2217"]

1.e4 c5 2.Nf3 e6 3.d4 cxd4 4.Nxd4 a6 5.Bd3 Nf6 6.O-O d6 7.c4 Bd7 8.Nc3 Nc6
9.Be3 Be7 10.f4 O-O 11.Rc1 Nxd4 12.Bxd4 Bc6 13.Rf3 b5 14.cxb5 axb5 15.Rh3 g6
16.a3 Rb8 17.b4 Qd7 18.Qe2 Rfe8 19.a4 bxa4 20.b5 Ba8 21.Nxa4 e5 22.fxe5 dxe5
23.Bf2 Rec8 24.Ra1 Qe6 25.Kh1 Nh5 26.Be3 Nf4 27.Bxf4 exf4 28.Qf2 Bxe4 29.Nb6 Bxg2+
30.Qxg2 Rxb6 31.Rf1 Bd6 32.Qf3 Bb8 33.Rg1 Rd6 34.Be4 Rd4 35.Bb7 Rcd8 36.Qh5 Be5
37.Qxh7+ Kf8 38.Qh4 Rd1 39.Rf3 Rxg1+ 40.Kxg1 Rd1+ 41.Kg2 Bd4 42.Qh6+ Ke7  0-1

[Event "TCh-SWE Elitserien 2004-5"]
[Site "Skara SWE"]
[Date "2004.11.05"]
[Round "1"]
[White "Furhoff,J"]
[Black "Eriksson,Mag1"]
[Result "1/2-1/2"]
[WhiteElo "2338"]
[BlackElo "2333"]

1.e4 c5 2.Nf3 e6 3.d4 cxd4 4.Nxd4 a6 5.Bd3 Bc5 6.Nb3 Ba7 7.Qe2 Nc6 8.Be3 d6
9.Bxa7 Rxa7 10.O-O e5 11.f4 exf4 12.Rxf4 Be6 13.Nc3 Nge7 14.Raf1 O-O 15.Nd5 Ng6
16.R4f2 Qg5 17.Nd2 Nce5 18.Bc4 Nxc4 19.Qxc4 b5 20.Qd4 Rb7 21.Nf3 Qh5 22.Qd2 Ne5
23.Nf4 Nxf3+ 24.Rxf3 Qe5 25.Nxe6 Qxe6 26.Qa5 Qxe4 27.Qxa6 Qd4+ 28.Kh1 Rbb8
29.c3 Qc5 30.Rf5 d5 31.Rd1 Rfd8 32.a3 Qe7 33.h3 Qe6 34.Qxe6 fxe6 35.Re5 Kf7
36.Kg1 Rbc8 37.Kf2 Ke7 38.Rd4 Kd6 39.Rh5 h6 40.Rf4 Rf8 41.Rxf8 Rxf8+ 42.Ke3 Rf1
43.Rh4 Rb1 44.Rb4 Kc5 45.h4 Re1+  1/2-1/2

[Event "WYg14"]
[Site "Heraklio GRE"]
[Date "2004.11.06"]
[Round "3"]
[White "Ignacz,M"]
[Black "Corke,A"]
[Result "1/2-1/2"]
[WhiteElo "2153"]
[BlackElo "2041"]

1.e4 c5 2.Nf3 e6 3.d4 cxd4 4.Nxd4 a6 5.Bd3 Nc6 6.Nxc6 dxc6 7.O-O e5 8.Be3 Nf6
9.h3 Be6 10.Nd2 Qc7 11.a4 c5 12.b3 Be7 13.Qf3 O-O 14.a5 Qc6 15.Qg3 Bd6 16.Bh6 Ne8
17.Bc4 Be7 18.Bxe6 Qxe6 19.Be3 Nf6 20.Qf3 Rad8 21.Rfe1 Nd7 22.Nc4 Nb8 23.Nb6 Nc6
24.Nd5 Nd4 25.Bxd4 exd4 26.Nf4 Qc6 27.Ra4 Rfe8 28.Nd3 Qd7 29.Rc4 Qc6 30.Qf5 g6
31.Qf3 Bf8 32.Qf4 Qb5 33.Ra1 Qc6 34.Re1 Qb5 35.Ra1 Qc6 36.Re1 Re6 37.Qg5 Rde8
38.f3 h6 39.Qd2 Qb5 40.Nf4 Rd6 41.Nd3 Rdd8  1/2-1/2

[Event "Extraliga CZE 2004-5"]
[Site "Czech Rep CZE"]
[Date "2004.11.07"]
[Round "2"]
[White "Bolacky,J"]
[Black "Kuba,J"]
[Result "1/2-1/2"]
[WhiteElo "2267"]
[BlackElo "2182"]

1.e4 c5 2.Nf3 e6 3.d4 cxd4 4.Nxd4 a6 5.Bd3 Qc7 6.Qe2 b5 7.a4 b4 8.Nd2 Bb7
9.N2b3 Nf6 10.O-O d6 11.Bd2 e5 12.Nf3 Nc6 13.a5 Be7 14.c3 bxc3 15.Bxc3 O-O
16.Nbd2 Nd7 17.Nc4 Nd8 18.Rfc1 Ne6 19.Bb4 Rac8 20.Rc3 Qb8 21.Ncxe5 Nxe5 22.Nxe5 Rxc3
23.bxc3 Nf4 24.Qf3 dxe5 25.Bxe7 Rc8 26.g3 Qc7 27.Bb4 Nxd3 28.Qxd3 Rd8 29.Qe2 Qd7
30.f3 h5 31.Ra2 Bc6 32.Bc5 Bb5 33.c4 Qd1+ 34.Qxd1 Rxd1+ 35.Kf2 Bxc4 36.Rc2 Bb5
37.Bb6 f6 38.Rc8+  1/2-1/2

[Event "WYb14"]
[Site "Heraklio GRE"]
[Date "2004.11.07"]
[Round "5"]
[White "Ludwig,D"]
[Black "Martemianov,I"]
[Result "1-0"]
[WhiteElo "2308"]
[BlackElo "2096"]

1.e4 c5 2.Nf3 e6 3.d4 cxd4 4.Nxd4 a6 5.Bd3 Qc7 6.O-O Nc6 7.Nxc6 dxc6 8.Nd2 e5
9.a4 Be6 10.Nc4 Nf6 11.Qe2 Bc5 12.Kh1 O-O 13.f4 exf4 14.Bxf4 Qe7 15.Bg5 Bxc4
16.Bxf6 Bxd3 17.Qg4 Qxf6 18.Rxf6 Be2 19.Qxe2 gxf6 20.e5 f5 21.Qf3 Rae8 22.Qxf5 Re6
23.Rd1 Be7 24.g3 Rd8 25.Rf1 Rf8 26.Qg4+ Rg6 27.Qd7 Bd8 28.Qxb7 a5 29.Qd7 h6
30.Rf5 Bg5 31.c3 c5 32.Qc7 c4 33.Qxc4 Rb6 34.b4 axb4 35.cxb4 Rb7 36.e6 Rd8
37.exf7+ Kf8 38.Qc3 Rd1+ 39.Kg2 Rd2+ 40.Kh3 Rxf7 41.Rxg5  1-0

[Event "TCh-SWE Elitserien 2004-5"]
[Site "Skara SWE"]
[Date "2004.11.07"]
[Round "3"]
[White "Von Bahr,O"]
[Black "Niklasson,C"]
[Result "0-1"]
[WhiteElo "2314"]
[BlackElo "2375"]

1.e4 c5 2.Nf3 e6 3.d4 cxd4 4.Nxd4 a6 5.Bd3 Qb6 6.Nb3 Qc7 7.f4 d6 8.Qf3 Nd7
9.Be3 g6 10.O-O Bg7 11.Nc3 Ngf6 12.a4 O-O 13.a5 b5 14.axb6 Nxb6 15.Na5 Nfd7
16.Qf2 Rb8 17.Ra3 Nc5 18.Bxc5 dxc5 19.e5 f6 20.exf6 Bxf6 21.Kh1 Nd5 22.Bc4 Bxc3
23.bxc3 Rxf4 24.Qe1 Rxf1+ 25.Bxf1 Qf4 26.Nc4 Bd7 27.Kg1 Nc7 28.Ne5 Bb5 29.c4 Be8
30.Rf3 Qd4+ 31.Kh1 a5 32.c3 Qd6 33.Ng4 a4 34.Nf6+ Kg7 35.Rd3 Qf4 36.Rf3 Qd6
37.Rd3 Qe7 38.Ng4 e5 39.Re3 a3 40.Rxe5 Qd6 41.Re2 Bf7 42.Ra2 Qf4 43.Rxa3 Re8
44.Qf2 Qxf2 45.Nxf2 Re1 46.g3 Rxf1+ 47.Kg2 Rc1 48.h4 Ne6 49.Ne4 Rd1 50.Kf2 h5
51.Ke2 Rd7 52.Ra5 Rc7 53.Ke3 Kf8 54.Nf6 Ng7 55.Rxc5 Rxc5 56.Nd7+ Ke7 57.Nxc5 Kd6
58.Nd3 Bxc4 59.Nf4 Bf7 60.Kf3 Bd5+ 61.Kf2 Be4 62.Ke2 Ke5 63.Kf2 Bb1 64.Kf3 Bc2
65.Nxg6+ Bxg6 66.g4 Be4+ 67.Kg3 Nf5+ 68.Kh3 Bg2+ 69.Kxg2 hxg4  0-1

[Event "Open"]
[Site "Calcutta IND"]
[Date "2004.11.10"]
[Round "3"]
[White "Ganguly,S"]
[Black "Fominyh,A"]
[Result "1/2-1/2"]
[WhiteElo "2559"]
[BlackElo "2533"]

1.e4 c5 2.Nf3 e6 3.d4 cxd4 4.Nxd4 a6 5.Bd3 Bc5 6.Nb3 Ba7 7.Qe2 Nc6 8.O-O d6
9.Be3 Nf6 10.Bxa7 Rxa7 11.f4 e5 12.f5 b5 13.N1d2 Qb6+ 14.Kh1 Nb4  1/2-1/2

[Event "WYg14"]
[Site "Heraklio GRE"]
[Date "2004.11.10"]
[Round "7"]
[White "Skinke,K"]
[Black "Gevorgyan,I"]
[Result "1/2-1/2"]
[WhiteElo "2090"]
[BlackElo "2015"]

1.e4 c5 2.Nf3 e6 3.d4 cxd4 4.Nxd4 a6 5.Bd3 Nf6 6.Nc3 Qc7 7.O-O d6 8.a4 Nc6
9.Be3 Be7 10.Qe2 O-O 11.f4 Re8 12.Rae1 Nxd4 13.Bxd4 e5 14.Be3 exf4 15.Rxf4 Be6
16.Ref1 Nd7 17.Qh5 Ne5 18.Nd5 Bxd5 19.exd5 g6 20.Qh6 Bf8 21.Qh3 Nxd3 22.cxd3 Rxe3
23.Qxe3 Bh6 24.h3 Bxf4 25.Rxf4 Rc8 26.Rc4 Qd7 27.Qb6 Re8 28.Re4 Re7 29.a5 f5
30.Re6 Rxe6 31.dxe6 Qxe6 32.Qxb7 Qe3+ 33.Kh2 Qxd3 34.b4 f4 35.Qf3 Qc4 36.Qa8+ Kg7
37.Qb7+ Kh6 38.b5 Qd3 39.bxa6 Qg3+ 40.Kg1 Qe1+  1/2-1/2

[Event "WYb10"]
[Site "Heraklio GRE"]
[Date "2004.11.12"]
[Round "10"]
[White "Yu Yangyi"]
[Black "Zhao,P"]
[Result "1-0"]
[WhiteElo "2140"]
[BlackElo "1975"]

1.e4 c5 2.Nf3 e6 3.d4 cxd4 4.Nxd4 a6 5.Bd3 Qc7 6.O-O Nf6 7.Kh1 Nc6 8.Nxc6 dxc6
9.f4 e5 10.Nc3 Bd6 11.f5 h5 12.a4 b6 13.Qf3 Bb7 14.Be3 b5 15.axb5 cxb5 16.Nd5 Bxd5
17.exd5 Qb7 18.Bg5 Rc8 19.Qe2 Kf8 20.c4 e4 21.Bxe4 Re8 22.Bxf6 gxf6 23.cxb5 Qxb5
24.Qxb5 axb5 25.Bd3 b4 26.Ra6 Rd8 27.b3 Kg7 28.Re1 Be5 29.Bc4 Ra8 30.Rb6 Rhb8
31.Rc6 Rc8 32.g3 Rxc6 33.dxc6 Rc8 34.Bb5 Rc7 35.Kg2 Kf8 36.Re4 Bd6 37.Rh4 Kg7
38.Rxh5 Ra7 39.Ba4 Ra5 40.Rh4 Rc5 41.Rc4 Rxc4 42.bxc4 Kf8 43.h4 b3 44.Bxb3 Ke8
45.Kf3 Kd8 46.c5 Bxc5 47.Bxf7 Kc7 48.Be8 Bf8 49.g4 Bh6 50.Bd7 Kd6 51.Ke4 Bc1
52.Kf3 Bh6 53.g5 fxg5 54.hxg5 Bxg5 55.Kg4 Bd8 56.Kh5 Ke7 57.Kg6 Kf8 58.f6 Bc7
59.Kf5 Kf7 60.Be6+ Ke8  1-0

[Event "Acropolis IM Open"]
[Site "Athens GRE"]
[Date "2004.11.19"]
[Round "4"]
[White "Tzermiadianos,Ang"]
[Black "Miezis,N"]
[Result "0-1"]
[WhiteElo "2233"]
[BlackElo "2524"]

1.e4 c5 2.Nf3 e6 3.d4 cxd4 4.Nxd4 a6 5.Bd3 Nf6 6.O-O e5 7.Nf3 Nc6 8.Nc3 d6
9.h3 h6 10.Be3 Be6 11.Nd2 b5 12.a3 Be7 13.f4 exf4 14.Rxf4 Ne5 15.Ne2 Nfd7
16.Rf1 Bg5 17.Nf4 Ng6 18.Qe2 Nxf4 19.Bxf4 Bxf4 20.Rxf4 Ne5 21.Qe3 Qg5 22.Re1 Bxh3
23.Rf2 Qxe3 24.Rxe3 Be6 25.Rg3 g6 26.Nf3 Ke7 27.Nd4 Bd7 28.Rd2 h5 29.Re3 h4
30.Bf1 Rac8 31.Re1 h3 32.gxh3 Bxh3 33.Rh2 Bxf1 34.Rxh8 Rxh8 35.Rxf1 Rh4 36.Re1 f5  0-1

[Event "TCh-AUT"]
[Site "Graz AUT"]
[Date "2004.11.19"]
[Round "1"]
[White "Baumegger,S"]
[Black "Stanec,N"]
[Result "1/2-1/2"]
[WhiteElo "2413"]
[BlackElo "2560"]

1.e4 c5 2.Nf3 e6 3.d4 cxd4 4.Nxd4 a6 5.Bd3 Nf6 6.O-O d6 7.c4 Be7 8.Nc3 O-O
9.b3 Nc6 10.Be3 Nxd4 11.Bxd4 Bd7 12.f3 Bc6 13.Qd2 Nd7 14.Rfd1 Bf6 15.Bf1 Be5
16.b4 Nf6 17.b5 Bd7 18.Bxe5 dxe5 19.Qd6 axb5 20.cxb5 Qb8 21.Qxb8 Rfxb8 22.a4 b6
23.Nb1 Be8 24.Nd2 Nd7 25.Nb3 Kf8 26.Rdc1 Ra7 27.a5 bxa5 28.Rxa5 Rxa5 29.Nxa5 Ra8
30.Nc4 Ke7 31.b6 Rb8 32.Rb1 f6 33.Kf2 Nc5 34.Ke3 Ba4 35.Rb4 Bc6 36.Na5 Kd6
37.Nc4+ Ke7 38.Na5 Kd6 39.Rb2 Bd7 40.Nc4+ Ke7 41.g3 h6 42.h4  1/2-1/2

[Event "XLIII WJun"]
[Site "Kochin IND"]
[Date "2004.11.20"]
[Round "1"]
[White "Hasan,Me"]
[Black "Iljin,A"]
[Result "1-0"]
[WhiteElo "2251"]
[BlackElo "2522"]

1.e4 c5 2.Nf3 e6 3.d4 cxd4 4.Nxd4 a6 5.Bd3 Qb6 6.Nb3 Qc7 7.Be3 Nf6 8.O-O d6
9.f4 Be7 10.Qf3 Nbd7 11.c4 b6 12.Nc3 Bb7 13.Rac1 Rd8 14.Bb1 O-O 15.Nd4 Rfe8
16.b3 Nf8 17.f5 Qb8 18.Qh3 e5 19.Nf3 b5 20.g4 bxc4 21.g5 N6d7 22.bxc4 f6
23.g6 hxg6 24.fxg6 Nxg6 25.Qe6+ Kh7 26.Qh3+ Kg8 27.Qe6+ Kh7 28.Qf5 Nf8 29.Nh4 Qc8
30.Qh5+  1-0

[Event "XXI WJun Women"]
[Site "Kochin IND"]
[Date "2004.11.20"]
[Round "1"]
[White "Iswarya,S"]
[Black "Sachdev,T"]
[Result "1/2-1/2"]
[WhiteElo "2082"]
[BlackElo "2256"]

1.e4 c5 2.Nf3 e6 3.d4 cxd4 4.Nxd4 a6 5.Bd3 Qc7 6.O-O Nf6 7.Qe2 d6 8.c4 g6
9.Nc3 Bg7 10.Be3 Nc6 11.Nxc6 bxc6 12.Rad1 O-O 13.f4 Re8 14.h3 Bb7 15.Qf2 d5
16.e5 Nd7 17.Na4 Rac8 18.Nb6 Nxb6 19.Bxb6 Qd7 20.Bc5 Bf8 21.Bxf8 Rxf8 22.c5 a5
23.Qd2 Ra8 24.Rf3 Ba6 25.Bb1 Qe7 26.Rc1 Rfb8 27.b3 Ra7 28.Kh2 Qc7 29.a3 Qe7
30.Ba2 Rb5 31.Rfc3 Bc8 32.Qf2 Rd7 33.Qd4 Ba6 34.Bb1 Rb8 35.Ba2 Rb5 36.Bb1 Rb8
37.Ba2  1/2-1/2

[Event "Petrosian Mem Open"]
[Site "Yerevan ARM"]
[Date "2004.11.21"]
[Round "3"]
[White "Smirnov,P"]
[Black "Gasparian,T"]
[Result "1-0"]
[WhiteElo "2626"]
[BlackElo "2226"]

1.e4 c5 2.Nf3 e6 3.d4 cxd4 4.Nxd4 a6 5.Bd3 Nc6 6.Nxc6 bxc6 7.O-O d5 8.c4 Nf6
9.cxd5 cxd5 10.exd5 Nxd5 11.Be4 Bd6 12.Nc3 Nxc3 13.bxc3 Rb8 14.Qa4+ Bd7 15.Qxa6 Qc7
16.Rd1 Bxh2+ 17.Kh1 Be5 18.Rxd7 Kxd7 19.Ba3 Bd6 20.Rd1 Rb6 21.Qa5 f5 22.Bf3 Rc8
23.Qe5 Rg8 24.c4 Ke7 25.c5 Bxe5 26.cxb6+ Qd6 27.Bxd6+ Bxd6 28.Rc1 Bf4 29.Rc4 g5
30.b7 Rd8 31.a4 Bb8 32.Rc8 g4 33.Be2 Ba7 34.Ra8 Bb8 35.a5 Kd6 36.Rxb8 Rxb8
37.a6 g3 38.fxg3  1-0

[Event "XXI WJun Women"]
[Site "Kochin IND"]
[Date "2004.11.22"]
[Round "6"]
[White "Anuprita,P"]
[Black "Stiri,A"]
[Result "1-0"]
[WhiteElo "2081"]
[BlackElo "2201"]

1.e4 c5 2.Nf3 e6 3.d4 cxd4 4.Nxd4 a6 5.Bd3 Bc5 6.Nb3 Be7 7.O-O d6 8.c4 b6
9.Nc3 Bb7 10.Be3 Nd7 11.f4 Ngf6 12.Qf3 Qc7 13.Kh1 h5 14.Qh3 Ng4 15.Bg1 g6
16.f5 gxf5 17.exf5 e5 18.Ne4 Ndf6 19.Nbd2 O-O-O 20.b4 Kb8 21.Rac1 Rdg8 22.c5 dxc5
23.bxc5 Bxc5 24.Bxc5 bxc5 25.Nxc5 Ka8 26.Nce4 Qb6 27.Qf3 Ne3 28.Nc4 Nxc4
29.Rxc4 Rc8 30.Rxc8+ Rxc8 31.h3 Qd4 32.Re1 Rd8 33.Bb1 Ka7 34.Qe2 Nxe4 35.Bxe4 Bxe4
36.Qxe4 f6 37.Qc6 Qb6 38.Qf3 h4 39.Rc1 Qb7 40.Qe3+ Ka8 41.Kh2 Rg8 42.Rc2 e4
43.Qh6 Qb8+ 44.Kh1 Qd6 45.Rd2 Qg3 46.Qh7 Rc8 47.Qd7 Rc1+ 48.Rd1 Rxd1+ 49.Qxd1 Qd3
50.Qa4 e3 51.Qc6+ Kb8 52.Qb6+ Kc8 53.Qc6+ Kd8 54.Qxf6+ Kc7 55.Qe7+ Kb6 56.Qe6+ Kb5
57.Qe5+ Kb4 58.f6 e2 59.f7 Qd1+ 60.Kh2 e1=Q 61.f8=Q+ Ka4 62.Qfe8+ Ka3  1-0

[Event "17th Belgrade Trophy"]
[Site "Obrenovac SCG"]
[Date "2004.11.22"]
[Round "1"]
[White "Stojanovic,Da"]
[Black "Vujosevic,D"]
[Result "1-0"]
[WhiteElo "2442"]
[BlackElo "2112"]

1.e4 c5 2.Nf3 e6 3.d4 cxd4 4.Nxd4 a6 5.Bd3 b5 6.O-O Nc6 7.Nxc6 dxc6 8.a4 Bb7
9.f4 Qb6+ 10.Kh1 Rd8 11.Qe2 Rd7 12.Nd2 h5 13.Nb3 h4 14.Be3 Qd8 15.Nc5 Bxc5
16.Bxc5 Ba8 17.Qg4 g6 18.f5 Nf6 19.Qf3 gxf5 20.exf5 e5 21.Rfe1 Rd5 22.b4 Rg8
23.c4 bxc4 24.Bxc4 Nd7 25.Bxd5 cxd5 26.Bd4 e4 27.Qf4 Qg5 28.Qxg5 Rxg5 29.b5 Rxf5
30.bxa6 Nb8 31.a7 Nc6 32.Rab1 Nxd4 33.Rb8+  1-0